Embryology / (Record no. 75120)

MARC details
000 -LEADER
fixed length control field 00628nam a22002057a 4500
005 - DATE AND TIME OF LATEST TRANSACTION
control field 20130507122547.0
010 ## - LCCN (DPL NO)
LC control number ENG-106984
020 ## - INTERNATIONAL STANDARD BOOK NUMBER
International Standard Book Number 8183180272
Terms of availability 395.00
035 ## - SYSTEM CONTROL NUMBER
System control number EN-90517
037 ## - SOURCE OF ACQUISITION
Source of stock number/acquisition DBAD/PUB
082 ## - DEWEY DECIMAL CLASSIFICATION NUMBER
Classification number 571.86
100 ## - MAIN ENTRY--PERSONAL NAME
Personal name Arora, Mohan P.
245 10 - TITLE STATEMENT
Title Embryology /
Statement of responsibility, etc by Moham P. Arora ; edited by Chander Kanta
260 ## - PUBLICATION, DISTRIBUTION, ETC. (IMPRINT)
Place of publication, distribution, etc New Delhi
Name of publisher, distributor, etc Himalaya Publishing House
Date of publication, distribution, etc 2012(repr.)
270 ## - ADDRESS
Address Pooja Apartment,4-B, Ansari Road,Daryaganj
City New Delhi
Postal code 110001
300 ## - PHYSICAL DESCRIPTION
Extent 498p.:
Dimensions 24cm(pbk)
Other physical details ill.
500 ## - GENERAL NOTE
General note Includes index
700 ## - ADDED ENTRY--PERSONAL NAME
Personal name Chander Kanta
942 ## - ADDED ENTRY ELEMENTS (KOHA)
Source of classification or shelving scheme Dewey Decimal Classification
Item type English Books
Call number suffix ARO
Classification part 571.86
Holdings
Withdrawn status Lost status Not for loan Collection code Home library Current library Date acquired Source of acquisition Cost, normal purchase price Full call number Barcode Copy number Cost, replacement price Koha item type
    Not For Loan Non-fiction D.B.Act.Division D.B.Act.Division 06/05/2013 DBAD/PUB 935.00 571.86ARO ARO EN-90517 1 395.00 English Books

© Delhi Public Library
Hit Counter
free hit counter